000 00218nam a2200097Ia 4500
008 190216s9999||||xx |||||||||||||| ||und||
100 _aBhusan Y K
245 0 _aModern Business Organization
260 _bNull
942 _cBK
999 _c3971
_d3971